| 000 | 01522nam a22003018a 4500 | ||
|---|---|---|---|
| 001 | 015777387 | ||
| 003 | Uk | ||
| 005 | 20110402174000.0 | ||
| 008 | 110315s2011 nju 000 0 eng|d | ||
| 020 | _a013257313X (pbk.) | ||
| 020 | _a9780132573139 (pbk.) | ||
| 082 | 0 | 4 |
_a618.9200231 _222 _bPRI |
| 245 | 0 | 0 |
_aPrinciples of Pediatric Nursing : _bCaring for Children. |
| 250 |
_a5th ed. / _bedited by Jane W. Ball, Ruth C. Bindler, Kay J. Cowen. |
||
| 260 |
_aUpper Saddle River, N.J. ; _aHarlow : _bPearson Education, _c2011. |
||
| 300 |
_axxxi, 1164 p. : _bill. ; _c29 cm. |
||
| 500 | _aPrevious ed.: published as Pediatric nursing. 2007. | ||
| 504 | _6Includes bibliographical references and index. | ||
| 650 | 0 |
_aPediatric nursing. _929255 |
|
| 653 |
_bNUR _cMarch2012 |
||
| 700 | 1 |
_aBall, Jane _q(Jane W.) _929256 |
|
| 700 | 1 |
_aBindler, Ruth McGillis. _929257 |
|
| 700 | 1 |
_aCowen, Kay J. _929258 |
|
| 942 |
_2ddc _cNRB |
||
| 999 |
_c16554 _d16554 |
||